Fundamentals of psychology (Record no. 2071)

MARC details
000 -LEADER
fixed length control field 00466nam a2200169Ia 4500
008 - FIXED-LENGTH DATA ELEMENTS--GENERAL INFORMATION
fixed length control field 230917s9999||||xx |||||||||||||| ||und||
020 ## - ISBN
Price RS 1800.00
040 ## - CATALOGING SOURCE
-- 5005762
Original cataloging agency VIVEKANANDA LIBRARY
041 ## - Language
-- English
082 ## - DDC NUMBER
Classification number 150 A31F
100 ## - MAIN ENTRY--PERSONAL NAME
Personal name Asha Rani
245 #0 - TITLE STATEMENT
Title Fundamentals of psychology
260 ## - PUBLICATION, DISTRIBUTION, ETC. (IMPRINT)
Place of publication, distribution, etc New Delhi
Name of publisher, distributor, etc Centrum Press
Date of publication, distribution, etc 2016
300 ## - PHYSICAL DESCRIPTION
Pages viii, 288 p.
500 ## - GENERAL NOTE
General note 4049 18/03/2020 HBD20/8409 19/03/2020 PSYCHOLOGY PROJECT(Dr. SONIA MALIK)
942 ## - ADDED ENTRY ELEMENTS (KOHA)
Koha item type Books
Holdings
Withdrawn status Lost status Damaged status Not for loan Location (home branch) Sublocation or collection (holding branch) Date acquired Koha issues (times borrowed) Koha full call number Accession No. Koha date last seen Koha item type
        VIVEKANANDA LIBRARY VIVEKANANDA LIBRARY 11/05/2020   150 A31F 392645 17/09/2023 Books
© Designed and Maintained by Vivekananda Library, MDU Rohtak